Điều trị liệt mặt

Enregistré dans:
Détails bibliographiques
Auteur principal: Nguyễn Tấn Phong
Format: Livre
Langue:Undetermined
Publié: Hà Nội Y học 1997
Tags: Ajouter un tag
Pas de tags, Soyez le premier à ajouter un tag!
Thư viện lưu trữ: Trung tâm Học liệu Trường Đại học Cần Thơ
LEADER 00437nam a2200157Ia 4500
001 CTU_22255
008 210402s9999 xx 000 0 und d
082 |a 616.74406 
082 |b Ph431 
100 |a Nguyễn Tấn Phong 
245 0 |a Điều trị liệt mặt 
245 0 |c Nguyễn Tấn Phong 
260 |a Hà Nội 
260 |b Y học 
260 |c 1997 
980 |a Trung tâm Học liệu Trường Đại học Cần Thơ